00270nam a22001097a 4500008004100000020001800041041000800059080001500067100000600082101000800088245006400096181107b xxu||||| |||| 00| 0 eng d a9780721606194 aeng 24 THa610 a3 aSHM aDifferental Diagnosis Physical Therapists c Goddman.S